=LDR 00000nam 2200000 4500 =001 INLIS000000000054591 =005 20200214092918 =035 ##$$a 0010-0220000153 =007 ta =008 200214###########################0#ind## =020 ##$$a 978-602-7820-45-6 =082 ##$$a 297.73 =084 ##$$a 297.73 Azk k =245 1#$$a Kreasi asyik Muskim Cilik : $b Panduan Berkarya dan belajar islam untuk ananda /$c Azka Madihah =300 ##$$a 114 halaman : $b ilustrasi ; $c 21 Cm. =650 #4$$a Pendidikan Islam =700 #$$a Penyunting, Irin Hidayat =264 ##$$a Yogyakarta :$b Pro-U-Media,$c 2016 =336 ##$$a teks$2 rdacontent =337 ##$$a lain-lain$2 rdamedia =338 ##$$a lain-lain$2 rdacarrier =990 ##$$a 10501050 =990 ##$$a 10501050